000 00618nam a2200181Ia 4500
008 100920s9999 xx 000 0 und d
082 _b75200
_a891.43 थ 97
100 _aकुमार रश्मि.
245 _aनेप्थय की जिन्दगी.
260 _bनीलाम प्रकाशन, इलाहाबाद.
_c1997
300 _a167
_bसाधी
365 _b80
520 _aहिंदी.
630 _aनेप्थय की जिन्दगी.
650 _aहिंदी.
730 _aनेप्थय की जिन्दगी.
942 _cBOOK
999 _c716738
_d716735